| 000 -ლიდერი |
| ფიქსირებული სიგრძის საკონტროლო ველი |
00947nam a2200217Ia 4500 |
| 001 - საკონტროლო ნომერი |
| საკონტროლო ველი |
11689 |
| 003 - საკონტროლო ნომრის იდენტიფიკატორი |
| საკონტროლო ველი |
GE_BSU |
| 005 - ბოლო ოპერაციის თარიღი და დრო |
| საკონტროლო ველი |
20221223120445.0 |
| 008 - ფიქსირებული სიგრძის მონაცემთა ელემენტები - ზოგადი ინფორმაცია |
| ფიქსირებული სიგრძის საკონტროლო ველი |
181216s1960ge xx |||||||||||||| ||geo|| |
| 040 ## - კატალოგიზაციის წყარო |
| Transcribing agency |
GE_BSU |
| 041 ## - ენის კოდი |
| Language code of text/sound track or separate title |
geo |
| 080 ## - უნივერსალური ათობითი კლასიფიკაციის ინდექსი |
| Universal Decimal Classification number |
636(075.8) ა-24 |
| 100 ## - მთავარი ჩანაწერი - პიროვნების სახელი |
| Relator code |
აგლაძე, დ. |
| 245 ## - ცნობა სათაურის შესახებ |
| Title |
მეცხოველეობის საფუძვლები. |
| Remainder of title |
ნ.II. / |
| Statement of responsibility, etc |
დ. აგლაძე, რედ. მ. მელითაური. |
| 264 ## - წარმოების, გამოცემის, დისტრიბუციის და სხვა ცნობები |
| გამოცემის, წარმოების, დისტრიბუციის... ადგილი |
თბილისი : |
| გამოცემის, წარმოების, დისტრიბუციის... სახელწოდება |
სას–სამ. ინ–ტის გამ–ბა, |
| გამოცემის, წარმოების, დისტრიბუციის... თარიღი |
1960. |
| 300 ## - ფიზიკური აღწერა |
| Extent |
419 გვ; |
| Other physical details |
ილ. |
| Dimensions |
24 სმ. |
| 653 ## - INDEX TERM--UNCONTROLLED |
| Uncontrolled term |
მეცხოველეობის საფუძვლები. ნ.II. |
| 653 ## - INDEX TERM--UNCONTROLLED |
| Uncontrolled term |
ვეტერინარია -- ინფექციური დაავადებები |
| 700 ## - ADDED ENTRY--PERSONAL NAME |
| Personal name |
მელითაური, მ |
| Relator term |
რედაქტორი |
| 9 (RLIN) |
16547 |
| 942 ## - ADDED ENTRY ELEMENTS (KOHA) |
| Koha item type |
წიგნი |
| Source of classification or shelving scheme |
|